Interim waste acceptance criteria proposals (Record no. 71145)

MARC details
000 -LEADER
fixed length control field 01214cam a2200205 4500
001 - CONTROL NUMBER
control field WB3833-22
008 - FIXED-LENGTH DATA ELEMENTS--GENERAL INFORMATION
fixed length control field 020912n2002 000 0 eng u
035 ## - SYSTEM CONTROL NUMBER
System control number (Sirsi) u119675
245 ## - TITLE STATEMENT
Title Interim waste acceptance criteria proposals
260 ## - PUBLICATION, DISTRIBUTION, ETC.
Date of publication, distribution, etc. 2002
490 ## - SERIES STATEMENT
Series statement RICS Minerals and Waste Management Faculty News
Volume/sequential designation 11 September 2002, (2)
520 ## - SUMMARY, ETC.
Summary, etc. The Environment Agency has released draft proposals for waste acceptance procedures at landfill sites to be applied in the UK until European standard procedures are implemented on or after 16 July 2005. Guidance on national interim waste acceptance procedures is available at http://www.environment-agency.gov.uk/yourenv/consultations/343078/ and the consultation draft is available at http://www.environment-agency.gov.uk/commondata/105385/consultation1.pdf http://www.rics.org/ricscms/bin/show?class=News&template=/includes/shownews.html&id=3610&faculty=Minerals%20and%20Waste%20Management&faculty=All%20Faculties
590 ## - LOCAL NOTE (RLIN)
Local note WB
650 ## - SUBJECT ADDED ENTRY--TOPICAL TERM
Topical term or geographic name entry element LANDFILL SITES
650 ## - SUBJECT ADDED ENTRY--TOPICAL TERM
Topical term or geographic name entry element WASTE ACCEPTANCE PROCEDURES
650 ## - SUBJECT ADDED ENTRY--TOPICAL TERM
Topical term or geographic name entry element LANDFILL DIRECTIVE
650 ## - SUBJECT ADDED ENTRY--TOPICAL TERM
Topical term or geographic name entry element ENVIRONMENT AGENCY
690 ## - LOCAL SUBJECT ADDED ENTRY--TOPICAL TERM (OCLC, RLIN)
Topical term or geographic name as entry element ENVIRONMENTAL AND LAND CONSULTANCY-WASTE MANAGEMENT
942 ## - ADDED ENTRY ELEMENTS (KOHA)
Suppress in OPAC 0
Holdings
Withdrawn status Lost status Source of classification or shelving scheme Damaged status Not for loan Home library Current library Shelving location Date acquired Total Checkouts Full call number Barcode Date last seen Copy number Price effective from Koha item type
    Dewey Decimal Classification     London London News article 12/09/2002   WB3833-22 119675-1001 06/08/2019 1 06/08/2019 News article